Are Bitcoin Futures Contracts for Hedging or Speculation?

Analýza možných obchodných motívov na termínovaných trhoch s bitcoínmi v podobe špekulácií alebo hedgingu. Autor najprv testuje model týkajúci sa výnosov zmlúv futures na bitcoiny s objemom obchodovania a podmienenou volatilitou odhadnutou so špecifikáciou GJR-GARCH na úplnej vzorke denných cien fut...

Descripción completa

Guardado en:
Detalles Bibliográficos
Autor principal: Nekhili, Ramzi
Formato: Capítulo de libro
Lenguaje:inglés
Materias:
Etiquetas: Agregar Etiqueta
Sin Etiquetas, Sea el primero en etiquetar este registro!

MARC

LEADER 00000naa a2200000 4500
001 0267639
005 20200818085036.3
041 0 |a eng 
044 |a UA 
245 1 0 |a Are Bitcoin Futures Contracts for Hedging or Speculation?  |c Ramzi Nekhili 
520 |a Analýza možných obchodných motívov na termínovaných trhoch s bitcoínmi v podobe špekulácií alebo hedgingu. Autor najprv testuje model týkajúci sa výnosov zmlúv futures na bitcoiny s objemom obchodovania a podmienenou volatilitou odhadnutou so špecifikáciou GJR-GARCH na úplnej vzorke denných cien futures. 
610 2 0 |a hedging 
610 2 0 |a mena virtuálna 
610 2 0 |a trhy 
610 2 0 |a špekulácie 
100 1 |a Nekhili, Ramzi